MARC

LEADER 00000nam0a2200000 4500
001 209803
005 20231101225553.0
010 |a 0435272705 
035 |a (RuTPU)RU\TPU\book\229152 
090 |a 209803 
100 |a 20120216d2002 m y0engy50 ba 
101 0 |a eng 
102 |a US 
105 |a a j 000ay 
200 1 |a The Man of Property. Upper Level  |f J. Galsworthy 
210 |a Oxford  |c Macmillan  |d 2002 
215 |a 94 p.  |c il. 
225 1 |a Macmillan Guided Readers. Classics 
606 1 |a Английский язык  |x Учебные руководства и пособия  |x Хрестоматии, книги для чтения  |2 stltpush  |3 (RuTPU)RU\TPU\subj\29075  |9 52487 
610 1 |a американская литература 
610 1 |a новеллы 
610 1 |a английская литература 
686 |a Ш143.21-923.8  |v LBC/SL-A  |2 rubbk 
700 1 |a Galsworthy  |b J.  |g John 
801 1 |a RU  |b 63413507  |c 20120216 
801 2 |a RU  |b 63413507  |c 20120910  |g RCR 
942 |c BK